Responses for Show #5901 - Monday, April 19, 2010

Contestants

[<< previous game]

Elizabeth Richards, an attorney originally from St. Louis, Missouri

Ken Starnes, a telecommunications consultant from Little Rock, Arkansas

Ian Silverman, a high school social studies teacher from San Diego, California (whose 1-day cash winnings total $16,000)

[next game >>]

Jeopardy! Round responses

MISSISSIPPI, MY LOVE
WEBSITE NAME ABBREVIATIONS
19th CENTURY BUSINESSMEN
"CL"UE ME IN
ART FOR ART'S SAKE!
BOGEY MEN
    $200 12
(Elizabeth: Uh, what is the House of Representatives?)

the U.S. Senate

KenElizabeth
    $200 11
Barnes & Noble

Elizabeth
    $200 24
(Levi) Strauss

Elizabeth
    $200 6
the clarinet

Ken
    $200 16
American Gothic

Ian
    $200 1
Casablanca

Ian
    $400 13
the Space Shuttle

Ken
    $400 15
America Online

Elizabeth
    $400 25
(Elizabeth: Who is Morgan?)

(John D.) Rockefeller

KenElizabeth
    $400 7
a cloverleaf

Elizabeth
    $400 20
the Alps

Elizabeth
    $400 2
The Maltese Falcon

Ken
    $600 14
Elvis Presley

Ian
    $600 17
Cable News Network

Ken
    $600 26
(Adolph) Coors

Ken
    $600 8
cling (or clingstone)

Elizabeth
    $600 21
Monty Python's Flying Circus

Ian
    $600 3
The Treasure of the Sierra Madre

Ken
    $800 29
Goldwater

Ian
    $800 18
the Internet Movie Database

Elizabeth
    $800 27
(Ken: Uh, who is--what is, uh, Firestone?)
...
(Alex: Ken was debating whether to go for Firestone or [*].)
(Elizabeth: Me, too.)
(Alex: He picked the wrong one.)

Goodyear

KenElizabeth
    $800 9
the cloche

Triple Stumper
    $800 22
Dionysus (or Bacchus)

Elizabeth
    $800 4
(Ian: What is Mutiny on the Bounty?)

The Caine Mutiny

IanKen
    $1000 30
cotton

Ken
    $1000 19
Wall Street Journal

Elizabeth
    $1,200 28
(Alex: Yes indeed, [*]. I was about to say, which name do we associate with Pittsburgh when we're talking about tycoons?)

Carnegie

Elizabeth
    $1000 10
cloisters

Ian
    $1000 23
The Annunciation

Ian
    $1000 5
(Alex: The chauffeur's daughter was portrayed by Audrey Hepburn; the film was [*].)

Sabrina

Triple Stumper

Scores at the first commercial break (after clue 15):

Ian Ken Elizabeth
$1,000 $2,600 $1,400

Scores at the end of the Jeopardy! Round:

Ian Ken Elizabeth
$3,600 $4,400 $6,200

Double Jeopardy! Round responses

POETS
BIRTH MONTH FLOWERS
BIBLE BOOK BINDINGS
CLASSICAL SOUND EFFECTS
3-LETTER WORDS
BOGEY MEN
    $400 6
Ginsberg

Elizabeth
    $400 7
(Elizabeth: What is a chrysanthemum?)

the carnation

IanElizabeth
    $400 13
(Alex: Think of a German river. It's [*].)
(Ken: What is [*]?)
(Alex: Sorry, Ken, not quickly enough.)

the Rhine

Triple Stumper
    $400 1
pal

Ian
    $400 8
Phil Mickelson

Ken
    $800 14
Housman

Triple Stumper
    $800 15
the daffodil

Elizabeth
    $800 19
a nightingale

Triple Stumper
    $800 2
(Alex: That's right, the eggs.)

roe

Elizabeth
    $800 9
Nicklaus

Ian
    $1200 23
(Elizabeth: Who is Bryant?)

Oliver Wendell Holmes

Elizabeth
Triple Stumper
    $1200 16
poppies

Ken
    $1200 20
hero

Triple Stumper
    $1200 3
ska

Ken
    $1200 10
(Tom) Watson

Ian
    $1600 24
(Ian: Who is Dante?)

Petrarch

IanElizabeth
    $1600 17
the violet

Triple Stumper
    $2,000 21
(Alex: Minute to go.)

the 1812 Overture

Elizabeth
    $1600 4
Mir

Ken
    $1600 11
(Greg) Norman

Ian
    $2000 25
[The end-of-round signal sounds.]

Edna St. Vincent Millay

Triple Stumper
    $2000 18
the sweet pea

Elizabeth
    $2000 22
the "Thunder and Lightning" Polka

Triple Stumper
    $3,000 5
rye/wry

Ken
    $2000 12
Vijay Singh

Ian

Scores at the end of the Double Jeopardy! Round:

Ian Ken Elizabeth
$8,400 $11,800 $12,200

[wagering suggestions for these scores]

Final Jeopardy! Round responses

WORLD WAR II
(Alex: What were the three Axis capital cities?)
...
(Alex: [Revealing Ken's response] Berlin, Tokyo, and [*]. [*] fell first. You are right.)
IanWhat is Normandy?
$6,600
KenWhat is Rome
$10,000
ElizabethWhat is Berlin?
$11,401
Rome

Final scores:

Ian Ken Elizabeth
$1,800 $21,800 $799
2nd place: $2,000 New champion: $21,800 3rd place: $1,000

Game dynamics:

Coryat scores:

Ian Ken Elizabeth
$8,400 $10,800 $11,600
13 R,
2 W
15 R
(including 1 DD),
1 W
17 R
(including 2 DDs),
4 W

Combined Coryat: $30,800

[game clues] [game scores] [suggest correction]

Game tape date: 2010-02-02
The J! Archive is created by fans, for fans. Scraping, republication, monetization, and malicious use prohibited; this site may use cookies and collect identifying information. See terms. The Jeopardy! game show and all elements thereof, including but not limited to copyright and trademark thereto, are the property of Jeopardy Productions, Inc. and are protected under law. This website is not affiliated with, sponsored by, or operated by Jeopardy Productions, Inc. Join the discussion at JBoard.tv.